Astronaute - An'0m et Vayn (refrain) - Statistiques

Statistiques générales
  • Ce quiz a été pris 102 fois
    95 depuis la dernière actualisation
  • Le résultat moyen est 78 sur 109
Statistiques - réponses
Réponse % Correct
de
91%
Je
89%
à
85%
ça
83%
le
83%
m'a
83%
en
81%
et
81%
fou
81%
J'suis
81%
pas
81%
qu'un
81%
savant
81%
un
81%
chercheur
79%
des
79%
les
79%
mais
79%
j'ai
77%
J'ai
77%
me
77%
rend
77%
au
74%
d'astronaute
74%
dit
74%
ta
74%
Tu
74%
yeux
74%
beaucoup
72%
c'est
72%
dans
72%
déjà
72%
est
72%
larmes
72%
Maman
72%
Ouais
72%
ouais
72%
sais
72%
tenue
72%
trop
72%
va
72%
viens
72%
y'a
72%
comme
70%
enfile
70%
eux
70%
flou
70%
l'ai
70%
plein
70%
quand
70%
qu'on
70%
tout
70%
autres
68%
étoiles
68%
heures
68%
J'passe
68%
on
68%
vois
68%
choses
66%
croient
66%
dangereux
66%
d'enjeux
66%
futur
66%
J'pense
66%
j'te
66%
labo
66%
l'amour
66%
ne
66%
sonne
66%
Vas-y
66%
vas-y
66%
creux
64%
heureux
64%
pour
64%
qu'ils
64%
régler
64%
capter
62%
d'envieux
62%
mon
62%
toucher
62%
moi
60%
puisqu'ils
60%
soient
60%
Donne
57%
personnes
57%
travaille
57%
vaisseau
57%
démarre
55%
clefs
45%
Aucun quiz correspondant
Distribution des résultats
% des personnes avec chaque résultat
Percentile par nombre de réponses
Votre historique - résultats
Vous n’avez pas pris ce quiz depuis la dernière actualisation